Zufällige Hauptsterne zu Sternbilder zuordnen - Statistiken

Allgemein
  • Dieses Quiz wurde 31 mal gespielt
  • Das Durchschnittsergebnis liegt bei 6 aus 11
Antwortstatistiken
Sternbild Hauptstern % Korrekt
Kleiner Bär Polarstern
74%
Grosser Hund Sirius
70%
Leier Wega
67%
Zwillinge Pollux
63%
Orion Rigel
56%
Fuhrmann Capella
52%
Schwan Deneb
48%
Kleiner Hund Prokyon
48%
Jungfrau Spica
41%
Kassiopeia Schedir
22%
Grosser Bär Allioth
19%
Keine übereinstimmenden Quizze gefunden
Verteilung der Resultate
Anzahl Personen mit jedem Resultat
Perzentil nach korrekt beantworteten Fragen
Ihre Resultats-Entwicklung
Sie haben dieses Quiz noch nicht gespielt